LIBRARY ONLINE CATALOGUE

An Apostle of empire : (Record no. 13349)

MARC details
000 -LEADER
fixed length control field 00673nam a22002052 4500
001 - CONTROL NUMBER
control field 0000011709
005 - DATE AND TIME OF LATEST TRANSACTION
control field 20151217155846.0
008 - FIXED-LENGTH DATA ELEMENTS--GENERAL INFORMATION
fixed length control field 090105s xx 000 0 eng d
040 ## - CATALOGING SOURCE
Original cataloging agency KABU
Transcribing agency KABU
100 1# - MAIN ENTRY--PERSONAL NAME
Personal name Lyne, Robert Nunez.
-- 0000167689
245 13 - TITLE STATEMENT
Title An Apostle of empire :
Remainder of title being the life of Sir LLoyd William Mathews /
Statement of responsibility, etc. Robert Nunez Lyne.
250 ## - EDITION STATEMENT
Edition statement 1st ed.
260 ## - PUBLICATION, DISTRIBUTION, ETC. (IMPRINT)
Place of publication, distribution, etc. London :
Name of publisher, distributor, etc. Allen & Unwin,
Date of publication, distribution, etc. 1936.
300 ## - PHYSICAL DESCRIPTION
Extent 247 p.
600 10 - SUBJECT ADDED ENTRY--PERSONAL NAME
Personal name Mathews, LLoyd Williams, Sir,
Dates associated with a name 1850-1901.
-- 0000167690
650 #0 - SUBJECT ADDED ENTRY--TOPICAL TERM
Topical term or geographic name as entry element Slave trade
Geographic subdivision Africa, East.
-- 0000153099
852 1# - LOCATION
-- p500 KES
908 ## - PUT COMMAND PARAMETER (RLIN)
Put command parameter 090105
950 ## - LOCAL HOLDINGS (RLIN)
-- 1
Holdings
Withdrawn status Lost status Source of classification or shelving scheme Not for loan Home library Current library Date acquired Total Checkouts Full call number Barcode Date last seen Price effective from Koha item type
    Library of Congress Classification   Kabarak, Main Campus Kabarak, Main Campus 17/12/2015   DT435 .L96 c. 1 15769 17/12/2015 17/12/2015 Africana Collection